Central Library OPAC University of Rajshahi

Growing up in Pakistan / (Record no. 55648)

MARC details
000 -LEADER
fixed length control field 00649nam a2200217 a 4500
001 - CONTROL NUMBER
control field 55648
003 - CONTROL NUMBER IDENTIFIER
rucl marc code BD-RjUL
005 - DATE AND TIME OF LATEST TRANSACTION
control field 20211209080309.0
008 - FIXED-LENGTH DATA ELEMENTS--GENERAL INFORMATION
fixed length control field 161120s1957 pk a 000 0 eng
035 ## - SYSTEM CONTROL NUMBER
System control number (BD-RjUL)55772
040 ## - CATALOGING SOURCE
Original cataloging agency DLC
Transcribing agency CarP
Modifying agency BD-RjUL
Language of cataloging eng
041 ## - LANGUAGE CODE
Language code of text/sound track or separate title eng
082 ## - DEWEY DECIMAL CLASSIFICATION NUMBER
Edition number 23
Classification number 305.23095491
Author mark and year SMG 1957
100 1# - MAIN ENTRY--PERSONAL NAME
Personal name Smitter, Faith.
9 (RLIN) 165766
245 10 - TITLE STATEMENT
Title Growing up in Pakistan /
Statement of responsibility, etc. Faith Smitter, Iqbal Dar
260 ## - PUBLICATION, DISTRIBUTION, ETC. (IMPRINT)
Place of publication, distribution, etc. Lahore :
Name of publisher, distributor, etc. International Cooperation Administration,
Date of publication, distribution, etc. 1957
300 ## - PHYSICAL DESCRIPTION
Pagination 187 p. :
Illustrations ill. ;
Size 25 cm.
651 ## - SUBJECT ADDED ENTRY--GEOGRAPHIC NAME
Geographic name Pakistan.
General subdivision Children
9 (RLIN) 165767
700 1# - ADDED ENTRY--PERSONAL NAME
Personal name Dar, Iqbal
Relator term joint author.
942 ## - ADDED ENTRY ELEMENTS (KOHA)
Source of classification or shelving scheme Dewey Decimal Classification
Koha item type Books
Holdings
Lost status Source of classification or shelving scheme Damaged status Not for loan Collection code Permanent Location Current Location Shelving location Date acquired Source of acquisition Cost, normal purchase price Total Checkouts Full call number Date last seen Copy number Koha item type
  Dewey Decimal Classification     Non-fiction Central Library, University of Rajshahi Central Library, University of Rajshahi   01/08/1966 Mirza 3.00   305.23095491 SMG 1957 20/11/2016 C-2 Books
  Dewey Decimal Classification   Not For Loan Non-fiction Central Library, University of Rajshahi Central Library, University of Rajshahi Reading Room 01/08/1966 N/A 3.00   305.23095491 SMG 1957 04/01/2017 C-1 Books